[Event "Chess Attack-serien Eliteserien 2010-2011"]
[Site "Haraldsheim, Oslo"]
[Date "2010.11.05"]
[Round "1"]
[White "Berg-Jensen, Joachim"]
[Black "Briseid, Håkon"]
[Result "0-1"]
[WhiteElo "2082"]
[BlackElo "2114"]
[PlyCount "76"]
[EventDate "2010.??.??"]

1. d4 Nf6 2. c4 c5 3. d5 b5 4. cxb5 a6 5. Nc3 axb5 6. Nxb5 Qa5+ 7. Nc3 Bb7 8.
Bd2 Qb6 9. e4 e6 10. Nf3 exd5 11. exd5 Nxd5 12. Nxd5 Bxd5 13. Be2 Be7 14. O-O
Rxa2 15. Rxa2 Bxa2 16. Bd3 O-O 17. Bc3 Bb3 18. Qb1 g6 19. Ne5 d5 20. Ng4 d4 21.
Bd2 Nd7 22. Re1 Be6 23. Bc4 Bxc4 24. Rxe7 Be6 25. Nh6+ Kg7 26. Qe1 Kf6 27. Rxd7
Bxd7 28. h4 Re8 29. Qc1 Kg7 30. Qc4 Be6 31. Qd3 Qxb2 32. Bf4 Qa1+ 33. Kh2 Qe1
34. Qg3 Bd7 35. h5 Qe2 36. f3 Qe1 37. Qg5 f6 38. Qd5 Qh4+ 
0-1

[Event "Chess Attack-serien Eliteserien 2010-2011"]
[Site "Haraldsheim, Oslo"]
[Date "2010.11.05"]
[Round "1"]
[White "Djurhuus, Rune"]
[Black "Lie, Kjetil A."]
[Result "0-1"]
[WhiteElo "2433"]
[BlackElo "2515"]
[PlyCount "98"]
[EventDate "2010.??.??"]

1. e4 c5 2. Nf3 g6 3. c3 Bg7 4. Be2 d5 5. exd5 Qxd5 6. d4 cxd4 7. cxd4 Nf6 8.
Nc3 Qa5 9. O-O O-O 10. Qb3 Qb6 11. Qxb6 axb6 12. Rd1 Rd8 13. d5 Na6 14. Be3 Nc5
15. h3 Bf5 16. Bc4 Nfe4 17. Nxe4 Bxe4 18. Ng5 Bc2 19. d6 e6 20. Rd2 Ba4 21. Rc1
Rac8 22. b3 Bd7 23. Rdc2 h6 24. Nf3 Rc6 25. b4 Na4 26. Bb3 Nc3 27. Kh1 Rdc8 28.
Bd4 Ne2 29. Rxc6 bxc6 30. Rd1 Nxd4 31. Nxd4 c5 32. bxc5 bxc5 33. Nf3 c4 34. Bc2
Rb8 35. Nd2 Rb2 36. Nxc4 Rxc2 37. Nb6 Bc6 38. d7 Bxd7 39. Nxd7 Rxf2 40. a4 Ra2
41. Nb6 Be5 42. Nd7 Bf4 43. Nc5 Be3 44. Nb7 Rxa4 45. Rd8+ Kg7 46. Rd7 Ra1+ 47.
Kh2 Ra7 48. g4 Bb6 49. Kg2 Kf8 
0-1

[Event "Chess Attack-serien Eliteserien 2010-2011"]
[Site "Haraldsheim, Oslo"]
[Date "2010.11.05"]
[Round "1"]
[White "Andersen, Alf Roger"]
[Black "Østmoe, Geir Sune Tallaksen"]
[Result "1/2-1/2"]
[WhiteElo "2229"]
[BlackElo "2402"]
[PlyCount "65"]
[EventDate "2010.??.??"]

1. e4 e5 2. Nf3 Nc6 3. d4 exd4 4. Nxd4 Nf6 5. Nxc6 bxc6 6. e5 Qe7 7. Qe2 Nd5 8.
c4 Nb6 9. b3 a5 10. Ba3 c5 11. Nd2 a4 12. f4 Bb7 13. Nf3 g6 14. g3 Bg7 15. Bg2
O-O 16. O-O f6 17. Bb2 a3 18. Bc3 fxe5 19. Rae1 e4 20. Bxg7 Qxg7 21. Ng5 Rae8
22. Qf2 d6 23. Nxe4 Bxe4 24. Bxe4 Re7 25. Bc6 Rff7 26. Kg2 Rxe1 27. Rxe1 Re7
28. h4 Nc8 29. Bd5+ Kh8 30. Be6 Na7 31. Bd5 Nc8 32. Be6 Na7 33. Bd5 
1/2-1/2

[Event "Chess Attack-serien Eliteserien 2010-2011"]
[Site "Haraldsheim, Oslo"]
[Date "2010.11.05"]
[Round "1"]
[White "Tallaksen, Levi André"]
[Black "Thorstensen, Trond"]
[Result "1/2-1/2"]
[WhiteElo "2151"]
[BlackElo "2200"]
[PlyCount "106"]
[EventDate "2010.??.??"]

1. d4 Nf6 2. Nf3 e6 3. e3 b6 4. Bd3 Bb7 5. O-O c5 6. b3 Nc6 7. a3 Be7 8. c4 d5
9. dxc5 dxc4 10. Bxc4 Bxc5 11. Bb2 O-O 12. b4 Bd6 13. Qe2 Qc7 14. Nbd2 Ne5 15.
Bxe5 Bxe5 16. Nxe5 Qxe5 17. Nf3 Qh5 18. Ba6 Be4 19. Rfd1 Rad8 20. Nd4 Qxe2 21.
Nxe2 Bc2 22. Rxd8 Rxd8 23. Rc1 Rd1+ 24. Rxd1 Bxd1 25. Nd4 Nd5 26. Kf1 Nc7 27.
Bc4 Ba4 28. Ke1 Kf8 29. Kd2 e5 30. Bb3 Bxb3 31. Nxb3 Nb5 32. a4 Nd6 33. Kd3 Ke7
34. Nd2 f6 35. e4 Kd7 36. Nc4 Nb7 37. Ne3 a5 38. Kc4 axb4 39. Kxb4 Kc6 40. Nd5
Nd6 41. Ne7+ Kd7 42. Nd5 Nxe4 43. f3 Nd6 44. Nxb6+ Kc6 45. Nc4 Nf5 46. g3 h5
47. Nd2 Nd4 48. Kc4 g5 49. Ne4 Nxf3 50. Nxf6 h4 51. gxh4 gxh4 52. Ng4 e4 53.
Nf6 Nxh2 
1/2-1/2

[Event "Chess Attack-serien Eliteserien 2010-2011"]
[Site "Haraldsheim, Oslo"]
[Date "2010.11.05"]
[Round "1"]
[White "Dolzhikova, Olga"]
[Black "Hobber, Anders"]
[Result "1/2-1/2"]
[WhiteElo "2095"]
[BlackElo "2093"]
[PlyCount "60"]
[EventDate "2010.??.??"]

1. e4 e6 2. d4 d5 3. e5 c5 4. c3 Ne7 5. Nf3 b6 6. Bd3 Nec6 7. Qe2 cxd4 8. Nxd4
Nxd4 9. cxd4 Nc6 10. Be3 Nb4 11. Bb5+ Bd7 12. Nc3 Bxb5 13. Nxb5 a6 14. Nc3 Be7
15. a3 Nc6 16. Qg4 g6 17. Bh6 Bf8 18. Bxf8 Kxf8 19. h4 h5 20. Qf4 b5 21. Ne2
Rc8 22. Rc1 Na7 23. Rh3 Kg7 24. Rhc3 Qe7 25. Qg3 Rxc3 26. Rxc3 Rc8 27. Rxc8
Nxc8 28. Nf4 Qc7 29. Qc3 Qxc3+ 30. bxc3 Nb6 
1/2-1/2

[Event "Chess Attack-serien Eliteserien 2010-2011"]
[Site "Haraldsheim, Oslo"]
[Date "2010.11.05"]
[Round "1"]
[White "Diesen, Bruce"]
[Black "Evensen, Tom R"]
[Result "1-0"]
[WhiteElo "2125"]
[BlackElo "2005"]
[PlyCount "69"]
[EventDate "2010.??.??"]

1. e4 e5 2. Nf3 Nc6 3. Bb5 a6 4. Ba4 Nf6 5. O-O b5 6. Bb3 Be7 7. d4 d6 8. c3
O-O 9. Be3 Bg4 10. Nbd2 h6 11. h3 Bh5 12. Qb1 Re8 13. a4 Bf8 14. Re1 Na5 15.
Bc2 c6 16. dxe5 dxe5 17. Qa2 Qc7 18. Nh4 g5 19. Nf5 Nb7 20. Nf1 Nd6 21. N1g3
Nc4 22. Bb3 Nd6 23. Qb1 Bg6 24. Nxd6 Bxd6 25. Bc2 Bf8 26. Qd1 Red8 27. Qf3 Qd6
28. Bb3 Nd7 29. Red1 Qf6 30. Rxd7 Qxf3 31. Rxd8 Qf6 32. Rxa8 Kg7 33. Rxa6 Qd8
34. Rxc6 Qd3 35. Rd1 
1-0

[Event "Chess Attack-serien Eliteserien 2010-2011"]
[Site "Haraldsheim, Oslo"]
[Date "2010.11.05"]
[Round "1"]
[White "Ulrichsen, Jarl H"]
[Black "Ekeberg, Carl Fr."]
[Result "1/2-1/2"]
[WhiteElo "2121"]
[BlackElo "2240"]
[PlyCount "97"]
[EventDate "2010.??.??"]

1. d4 Nf6 2. Nf3 e6 3. c3 b6 4. Bg5 Bb7 5. Nbd2 h6 6. Bh4 d6 7. e3 Nbd7 8. Qc2
g5 9. Bg3 Nh5 10. e4 Bg7 11. Bd3 Qe7 12. O-O-O O-O-O 13. Rhe1 Kb8 14. Kb1 Ndf6
15. Nc4 Nxg3 16. hxg3 Qd7 17. Ne3 Ng8 18. d5 Ne7 19. Bc4 c5 20. Qb3 e5 21. g4
Bf6 22. Rh1 Rh7 23. Rh5 Rdh8 24. Rdh1 Qd8 25. Nd2 Bc8 26. Qd1 Ng8 27. Qe2 Be7
28. Nf5 Nf6 29. R5h3 Bxf5 30. exf5 Bf8 31. Ne4 Nxe4 32. Qxe4 f6 33. Bb5 Qc7 34.
c4 Kc8 35. Qc2 Kd8 36. Re3 h5 37. gxh5 Rxh5 38. Reh3 Rxh3 39. Rxh3 Rxh3 40.
gxh3 Qh7 41. Qd3 Qh4 42. a3 Qxf2 43. Qd1 Qxf5+ 44. Ka2 Qxh3 45. Qa4 Qh7 46. Ba6
Qd7 47. Bb5 Qh7 48. Ba6 Qd7 49. Bb5 
1/2-1/2

[Event "Chess Attack-serien Eliteserien 2010-2011"]
[Site "Haraldsheim, Oslo"]
[Date "2010.11.05"]
[Round "1"]
[White "Larsen, Martin Halsvik"]
[Black "Tari, Aryan"]
[Result "0-1"]
[WhiteElo "1815"]
[BlackElo "2125"]
[PlyCount "84"]
[EventDate "2010.??.??"]

1. e4 c5 2. Nf3 Nc6 3. d4 cxd4 4. Nxd4 g6 5. Nxc6 bxc6 6. Qd4 Nf6 7. e5 Nd5 8.
c4 Nc7 9. Nc3 Bg7 10. Be2 d6 11. Qe4 Bxe5 12. Qxc6+ Bd7 13. Qf3 Ne6 14. O-O Nd4
15. Qd3 Bf5 16. Qd1 Nxe2+ 17. Qxe2 Bxc3 18. bxc3 O-O 19. Be3 Qc7 20. Rfd1 Rfc8
21. Rd4 Rab8 22. Rh4 Rb7 23. Re1 Rcb8 24. c5 Rb2 25. Qf1 Rb1 26. Rb4 R8xb4 27.
cxb4 Bd3 28. Rxb1 Bxf1 29. Kxf1 dxc5 30. bxc5 Qxh2 31. Rb7 Qh1+ 32. Ke2 Qxg2
33. Rxe7 h5 34. Bd4 g5 35. Re8+ Kh7 36. Rh8+ Kg6 37. Rd8 h4 38. Rd6+ Kh5 39. c6
Qe4+ 40. Be3 h3 41. f3 Qc2+ 42. Bd2 Qc4+ 
0-1

[Event "Chess Attack-serien Eliteserien 2010-2011"]
[Site "Haraldsheim, Oslo"]
[Date "2010.11.05"]
[Round "1"]
[White "Gunnesdal, Lars"]
[Black "Monsøy, Arild"]
[Result "1-0"]
[WhiteElo "2020"]
[BlackElo "1816"]
[PlyCount "84"]
[EventDate "2010.??.??"]

1. e4 d6 2. d4 Nf6 3. Nc3 g6 4. f3 Bg7 5. Be3 Nbd7 6. Qd2 h6 7. O-O-O e5 8. g4
exd4 9. Bxd4 O-O 10. Nge2 a6 11. h4 c5 12. Bxf6 Qxf6 13. Bg2 Ne5 14. Qxd6 Qxd6
15. Rxd6 Nc4 16. Rd3 Ne5 17. Rd5 b6 18. b3 Be6 19. Rd6 b5 20. g5 Rfd8 21. Rhd1
Rxd6 22. Rxd6 Bf8 23. Rd2 hxg5 24. hxg5 c4 25. Nd5 Rc8 26. Kb1 cxb3 27. axb3
Kg7 28. Nef4 Rd8 29. Kc1 Bc8 30. Nf6 Rxd2 31. Kxd2 a5 32. N4d5 a4 33. bxa4 bxa4
34. Kc3 Ba6 35. Kb2 a3+ 36. Ka1 Be2 37. f4 Nc4 38. Nc3 Bh5 39. Nfd5 Bc5 40. Bf1
Ne3 41. Nxe3 Bxe3 42. Nd5 Bc5 
1-0

[Event "Chess Attack-serien Eliteserien 2010-2011"]
[Site "Haraldsheim, Oslo"]
[Date "2010.11.05"]
[Round "1"]
[White "Getz, Nicolai"]
[Black "Hagesæther, Arne"]
[Result "1-0"]
[WhiteElo "2307"]
[BlackElo "2087"]
[PlyCount "79"]
[EventDate "2010.??.??"]

1. e4 c6 2. d4 d5 3. e5 Bf5 4. Nd2 Qb6 5. Ngf3 e6 6. Nb3 Nd7 7. Be2 h6 8. O-O
Ne7 9. Be3 Bh7 10. c4 Nf5 11. Bd2 dxc4 12. Bxc4 Bb4 13. Bc1 Be7 14. Qe2 Qc7 15.
Bd3 Nb6 16. Qc2 Nd5 17. a3 Bg6 18. Bd2 O-O 19. Rac1 Kh7 20. g4 Nh4 21. Nxh4
Bxh4 22. f4 f5 23. Rf3 Be7 24. Rg3 Rae8 25. Kh1 Rf7 26. Rcg1 Rg8 27. Nc1 Bf8
28. Ne2 c5 29. R3g2 cxd4 30. gxf5 Bxf5 31. Bxf5+ Rxf5 32. Qd3 Bc5 33. Ng3 Ne7
34. Bb4 Kh8 35. Nxf5 Nxf5 36. Qc4 Bb6 37. Qxe6 d3 38. Qxf5 Bxg1 39. Qxd3 Qc1
40. Bd2 
1-0

[Event "Chess Attack-serien Eliteserien 2010-2011"]
[Site "Haraldsheim, Oslo"]
[Date "2010.11.05"]
[Round "1"]
[White "Gullaksen, Eirik"]
[Black "Hammer, Jon Ludvig"]
[Result "1/2-1/2"]
[WhiteElo "2315"]
[BlackElo "2641"]
[PlyCount "104"]
[EventDate "2010.??.??"]

1. e4 e5 2. Nf3 Nc6 3. Nc3 Nf6 4. Bb5 Bd6 5. O-O O-O 6. d3 a6 7. Ba4 h6 8. a3
Re8 9. Bb3 Bc5 10. h3 d6 11. Be3 Be6 12. Bxe6 Rxe6 13. Nd5 Bxe3 14. fxe3 Nb8
15. Nxf6+ Rxf6 16. Nd2 Nd7 17. Rxf6 Nxf6 18. Qf3 g6 19. Rf1 Kg7 20. Nb1 Qe7 21.
Nc3 c6 22. Kh2 b5 23. Qf2 Qe6 24. Qf3 Rf8 25. b3 d5 26. Rf2 Rd8 27. Kg1 Qe7 28.
Kh2 Qe6 29. Kg1 Qe7 30. Kh2 Rd6 31. Kg1 Qd8 32. exd5 cxd5 33. e4 d4 34. Nd5 Rc6
35. Kf1 a5 36. b4 a4 37. Ke1 Qd6 38. Kd2 Qe6 39. Qxf6+ Qxf6 40. Rxf6 Rxf6 41.
Nxf6 Kxf6 42. c4 dxc3+ 43. Kxc3 Ke6 44. d4 Kd6 45. Kd3 h5 46. h4 exd4 47. Kxd4
f6 48. Kd3 Ke5 49. Ke3 Ke6 50. Kd4 Kd6 51. Kd3 Ke6 52. Kd4 Kd6 
1/2-1/2

[Event "Chess Attack-serien Eliteserien 2010-2011"]
[Site "Haraldsheim, Oslo"]
[Date "2010.11.05"]
[Round "1"]
[White "Berg, Emanuel"]
[Black "Gabrielsen, Stig"]
[Result "1-0"]
[WhiteElo "2576"]
[BlackElo "2271"]
[PlyCount "117"]
[EventDate "2010.??.??"]

1. e4 c5 2. Nf3 e6 3. d4 cxd4 4. Nxd4 a6 5. Nd2 d6 6. a4 Nf6 7. Bd3 e5 8. N4f3
Nc6 9. O-O Be7 10. Re1 O-O 11. Nc4 Na5 12. Bg5 Be6 13. Ne3 Nd7 14. Bxe7 Qxe7
15. Qd2 b6 16. b4 Nb7 17. Bc4 Nf6 18. Qd3 a5 19. c3 h6 20. Nd2 Qc7 21. Ra3 Rfd8
22. Bd5 Bxd5 23. Nxd5 Nxd5 24. Qxd5 Rdc8 25. Nf1 Nd8 26. Rd1 Ne6 27. Qxd6 axb4
28. Qxb4 Rd8 29. Rb1 Nf4 30. g3 Nd3 31. Qxb6 Qd7 32. a5 Qg4 33. Qe3 Nf4 34. f3
Nh3+ 35. Kg2 Qc8 36. Ra2 Ng5 37. h4 Ne6 38. Rb5 Qc4 39. Rab2 Kh7 40. Nd2 Qa4
41. Rxe5 Rxa5 42. Rxa5 Qxa5 43. e5 Qa1 44. Rc2 g6 45. Ne4 Rd1 46. Nf6+ Kg7 47.
Ng4 g5 48. hxg5 hxg5 49. Qf2 Rd3 50. c4 Nd4 51. Rd2 Qc3 52. Rxd3 Qxd3 53. Qe3
Qc2+ 54. Nf2 Ne6 55. Qd3 Qb2 56. Qf5 Qc3 57. Ne4 Qc2+ 58. Kh3 Qxc4 59. Nd6 
1-0

[Event "Chess Attack-serien Eliteserien 2010-2011"]
[Site "Haraldsheim, Oslo"]
[Date "2010.11.05"]
[Round "1"]
[White "Gabrielsen, Trond"]
[Black "Johannessen, Leif E"]
[Result "1/2-1/2"]
[WhiteElo "2240"]
[BlackElo "2497"]
[PlyCount "59"]
[EventDate "2010.??.??"]

1. e4 e6 2. d4 d5 3. Nc3 Bb4 4. e5 c5 5. a3 Bxc3+ 6. bxc3 Ne7 7. Qg4 cxd4 8.
cxd4 Qc7 9. Qd1 Bd7 10. Bd3 Ba4 11. Ne2 Nd7 12. O-O Rc8 13. Ra2 a6 14. Bd2 Nb6
15. Ng3 g6 16. h4 h5 17. Qf3 Nc4 18. Bg5 Nf5 19. Nxf5 gxf5 20. Bf6 Rh6 21. Bg5
Rh8 22. Re1 Qa5 23. Raa1 Qc3 24. Bf6 Rh7 25. Rac1 Kd7 26. Qf4 Qd2 27. Qf3 Qc3
28. Qf4 Qd2 29. Qf3 Qc3 30. Qf4 
1/2-1/2

[Event "Chess Attack-serien Eliteserien 2010-2011"]
[Site "Haraldsheim, Oslo"]
[Date "2010.11.05"]
[Round "1"]
[White "Kovachev, Daniel Jakobsen"]
[Black "Demac, Elias"]
[Result "1-0"]
[WhiteElo "2319"]
[BlackElo "2198"]
[PlyCount "95"]
[EventDate "2010.??.??"]

1. e4 Nf6 2. e5 Nd5 3. d4 d6 4. Nf3 dxe5 5. Nxe5 c6 6. Be2 Nd7 7. Nf3 g6 8. O-O
Bg7 9. c4 Nc7 10. Nc3 O-O 11. Be3 e5 12. d5 cxd5 13. cxd5 b6 14. d6 Ne6 15. Bc4
Ndc5 16. Qd2 Bb7 17. b4 Ne4 18. Nxe4 Bxe4 19. Ng5 Nxg5 20. Bxg5 Qd7 21. Bd5
Bxd5 22. Qxd5 Rac8 23. Rac1 Rfe8 24. Be7 h5 25. h4 Kh7 26. Qxf7 Rxc1 27. Rxc1
Rf8 28. Qd5 Rf4 29. Qc6 Qf5 30. d7 Rxf2 31. d8=Q e4 32. Qd1 Rxa2 33. Qcc2 Rxc2
34. Rxc2 Qf4 35. Bg5 Qg3 36. Kf1 a5 37. bxa5 bxa5 38. Qe2 Qh2 39. Qxe4 Qh1+ 40.
Ke2 Qb1 41. Be3 Qb5+ 42. Kf2 Qb1 43. g3 Qb3 44. Rc5 Qb2+ 45. Qc2 Qf6+ 46. Kg2
Qe6 47. Bf2 Kh6 48. Rxa5 
1-0

[Event "Chess Attack-serien Eliteserien 2010-2011"]
[Site "Haraldsheim, Oslo"]
[Date "2010.11.05"]
[Round "1"]
[White "Martinsen, Stig K."]
[Black "Stubberud, Ørnulf"]
[Result "1/2-1/2"]
[WhiteElo "2114"]
[BlackElo "2314"]
[PlyCount "203"]
[EventDate "2010.??.??"]

1. d4 d5 2. c4 e6 3. Nc3 Be7 4. cxd5 exd5 5. Bf4 c6 6. e3 Bf5 7. Nge2 Qb6 8.
Qd2 Nf6 9. Ng3 Bg6 10. Bd3 Bxd3 11. Qxd3 g6 12. O-O Nbd7 13. Rab1 a5 14. f3 O-O
15. e4 dxe4 16. fxe4 Rad8 17. e5 Ne8 18. Kh1 Ng7 19. Nge4 Nf5 20. d5 cxd5 21.
Nxd5 Qe6 22. Qb5 Kh8 23. Qxa5 Ra8 24. Qb5 Rxa2 25. Rbd1 Nb8 26. Qxb7 Nc6 27.
Nxe7 Nfxe7 28. Ng5 Qf5 29. Bc1 Qc2 30. Qb5 Ra5 31. Qd3 Qxd3 32. Rxd3 Rxe5 33.
Bd2 Kg8 34. Nf3 Rb5 35. Bc3 Nd5 36. Nd4 Nxd4 37. Bxd4 Nc7 38. Re1 Rd8 39. Rc3
Rxd4 40. Rxc7 Rxb2 41. Rf1 Rf2 42. Kg1 Rxf1+ 43. Kxf1 Kg7 44. g3 Rd2 45. h4 h6
46. Rc6 g5 47. hxg5 hxg5 48. Rc4 Kg6 49. Rb4 Kf5 50. Ra4 f6 51. Rb4 Ke5 52. Ra4
Rd4 53. Ra2 Ke4 54. Kf2 Kf5 55. Kg2 Kg4 56. Rb2 Ra4 57. Rc2 Kf5 58. Kf2 Ke5 59.
Rb2 Rc4 60. Re2+ Kd5 61. Ra2 Ke6 62. Re2+ Kf5 63. Ra2 Kg4 64. Kg2 Re4 65. Rb2
Re3 66. Rb4+ Kf5 67. Kf2 Rd3 68. Kg2 Rd2+ 69. Kf1 Ke6 70. Ra4 f5 71. Rb4 Ke5
72. Ra4 Rd4 73. Ra2 Rc4 74. Kf2 Rc5 75. Rb2 Ke4 76. Rd2 Rc3 77. Re2+ Kd4 78.
Rd2+ Rd3 79. Re2 Kd5 80. Kg2 Rd4 81. Kf2 Re4 82. Rd2+ Ke5 83. Kg2 Kf6 84. Kf2
Kg6 85. Kg2 Kh5 86. Ra2 Kg4 87. Rb2 Re8 88. Rb4+ Re4 89. Rb2 f4 90. gxf4 gxf4
91. Kf2 Re3 92. Rb8 Rf3+ 93. Kg2 Re3 94. Rg8+ Kf5 95. Kf2 Ke4 96. Re8+ Kd3 97.
Rd8+ Kc2 98. Rf8 Re4 99. Kf3 Kd3 100. Rd8+ Rd4 101. Rxd4+ Kxd4 102. Kxf4
1/2-1/2

[Event "Chess Attack-serien Eliteserien 2010-2011"]
[Site "Haraldsheim, Oslo"]
[Date "2010.11.05"]
[Round "1"]
[White "Byklum, Bjørnar"]
[Black "Elsness, Frode"]
[Result "1/2-1/2"]
[WhiteElo "2280"]
[BlackElo "2488"]
[PlyCount "121"]
[EventDate "2010.??.??"]

1. d4 Nf6 2. c4 e6 3. Nc3 Bb4 4. e3 b6 5. Nge2 Ba6 6. a3 Be7 7. Nf4 d5 8. cxd5
Bxf1 9. Kxf1 exd5 10. Qf3 c6 11. g4 g5 12. Nd3 h5 13. gxh5 Rxh5 14. Bd2 Qd6 15.
Ke2 Nbd7 16. Rac1 Qe6 17. Qg2 Ne4 18. h4 Nxd2 19. Kxd2 Rxh4 20. Rxh4 gxh4 21.
Qg8+ Bf8 22. Ne2 O-O-O 23. Qh7 Qf6 24. Nef4 Kb7 25. Qh5 Bd6 26. Rh1 Rh8 27. Qg4
Nf8 28. Qg2 Qf5 29. Qg7 Rh7 30. Qg8 Ne6 31. Nxe6 fxe6 32. f4 h3 33. Nf2 c5 34.
dxc5 bxc5 35. Qg3 d4 36. Rxh3 dxe3+ 37. Kxe3 Bxf4+ 38. Qxf4 Rxh3+ 39. Nxh3
Qxh3+ 40. Kd2 Qg2+ 41. Kc3 Qd5 42. Qf8 e5 43. Qe7+ Kb6 44. b3 Qd4+ 45. Kc2 Qd5
46. Qf6+ Kb5 47. Qe7 a6 48. Qe8+ Ka5 49. Qe7 Kb6 50. Qf6+ Kb5 51. Qe7 e4 52.
Qe8+ Ka5 53. Qe7 Kb6 54. Qf6+ Kb5 55. Qe7 Qd3+ 56. Kb2 Qd2+ 57. Kb1 Qd3+ 58.
Kb2 Qe2+ 59. Kc3 Qe3+ 60. Kc2 Qd3+ 61. Kb2 
1/2-1/2

[Event "Chess Attack-serien Eliteserien 2010-2011"]
[Site "Haraldsheim, Oslo"]
[Date "2010.11.05"]
[Round "1"]
[White "Miezis, Normunds"]
[Black "Harestad, Hans K"]
[Result "1/2-1/2"]
[WhiteElo "2498"]
[BlackElo "2253"]
[PlyCount "117"]
[EventDate "2010.??.??"]

1. c4 e5 2. g3 Nf6 3. Bg2 c6 4. Nf3 e4 5. Nd4 d5 6. cxd5 Qxd5 7. Nc2 Qh5 8. h3
Bc5 9. Nc3 Qg6 10. d3 exd3 11. exd3 O-O 12. Ne4 Re8 13. Kf1 Nxe4 14. dxe4 f5
15. exf5 Bxf5 16. Ne3 Nd7 17. Kg1 Ne5 18. Kh2 Be4 19. f3 Bxe3 20. Bxe3 Rad8 21.
Qe2 Bd5 22. b3 Rd7 23. Rad1 Rde7 24. Rhe1 Nxf3+ 25. Bxf3 Rxe3 26. Qxe3 Rxe3 27.
Rxe3 Qc2+ 28. Kg1 Qxa2 29. Bxd5+ cxd5 30. Rxd5 Qa1+ 31. Kf2 Qb2+ 32. Kf3 Qf6+
33. Ke2 h6 34. h4 Qc6 35. Red3 Qc2+ 36. Ke3 Qc1+ 37. Ke4 Qc6 38. h5 Qe6+ 39.
Re5 Qg4+ 40. Kd5 Qd7+ 41. Ke4 Qg4+ 42. Kd5 Qd7+ 43. Kc4 Qc6+ 44. Kd4 Qb6+ 45.
Ke4 Qc6+ 46. Kf4 Kh7 47. g4 Qc1+ 48. Rde3 Qf1+ 49. Ke4 Qb1+ 50. Kf4 Qf1+ 51.
Rf3 Qc1+ 52. Rfe3 Qf1+ 53. Ke4 Qb1+ 54. Rd3 Qh1+ 55. Rf3 Qb1+ 56. Kf4 Qc1+ 57.
Ree3 Qc7+ 58. Re5 Qc1+ 59. Rfe3 
1/2-1/2

[Event "Chess Attack-serien Eliteserien 2010-2011"]
[Site "Haraldsheim, Oslo"]
[Date "2010.11.05"]
[Round "1"]
[White "Haugli, Petter"]
[Black "Astrup, Kim Chr."]
[Result "1/2-1/2"]
[WhiteElo "2240"]
[BlackElo "2236"]
[PlyCount "109"]
[EventDate "2010.??.??"]

1. d4 d6 2. e4 Nf6 3. Nc3 g6 4. Nf3 Bg7 5. Be2 O-O 6. O-O e6 7. Bf4 Nc6 8. Re1
h6 9. h3 b6 10. d5 exd5 11. exd5 Ne7 12. a4 a6 13. Nd4 Bb7 14. Bf3 Qd7 15. Qd2
Kh7 16. Nb3 Rae8 17. g4 Qc8 18. Rad1 h5 19. gxh5 Qxh3 20. hxg6+ fxg6 21. Bg2
Qg4 22. Bg3 Nf5 23. Qd3 Nxg3 24. Qxg3 Qxg3 25. fxg3 Ng4 26. Rxe8 Rxe8 27. Nd4
Ne3 28. Rd3 Bxd4 29. Rxd4 Nxc2 30. Rf4 Re7 31. Be4 Na1 32. Rf6 Rg7 33. Rf8 a5
34. Bd3 Nb3 35. Ne4 Re7 36. Rb8 Ba6 37. Nf6+ Kg7 38. Ng8 Re1+ 39. Kf2 Bxd3 40.
Kxe1 Nc5 41. Ne7 Nxa4 42. Rb7 Nxb2 43. Rxc7 Kf6 44. Nc8 Nc4 45. Rb7 b5 46. Rxb5
a4 47. Nb6 a3 48. Nxc4 Bxc4 49. Ra5 a2 50. Kd2 Bxd5 51. Kc3 Ke5 52. Kd3 g5 53.
Ke3 Kf6 54. Kd4 Be6 55. Ke4 
1/2-1/2

[Event "Chess Attack-serien Eliteserien 2010-2011"]
[Site "Haraldsheim, Oslo"]
[Date "2010.11.05"]
[Round "1"]
[White "Stenersen, Gudmund"]
[Black "Solberg, Joachim"]
[Result "1/2-1/2"]
[WhiteElo "2195"]
[BlackElo "2157"]
[PlyCount "58"]
[EventDate "2010.??.??"]

1. e4 e5 2. Nf3 Nc6 3. Bb5 a6 4. Ba4 Nf6 5. O-O Be7 6. d3 b5 7. Bb3 O-O 8. a4
Bb7 9. axb5 axb5 10. Rxa8 Qxa8 11. Nc3 b4 12. Nd5 Nxd5 13. Bxd5 d6 14. Qd2 Na5
15. Bxb7 Qxb7 16. b3 f5 17. Qe2 c5 18. Bb2 f4 19. Ra1 Nc6 20. Nd2 Ra8 21. Rxa8+
Qxa8 22. Qg4 Qa2 23. Qd7 Kf8 24. Qxc6 Qxb2 25. Qa8+ Kf7 26. Qd5+ Kf8 27. Qa8+
Kf7 28. Qd5+ Kf8 29. Qa8+ Kf7 
1/2-1/2

[Event "Chess Attack-serien Eliteserien 2010-2011"]
[Site "Haraldsheim, Oslo"]
[Date "2010.11.05"]
[Round "1"]
[White "Bae, Torstein"]
[Black "Baastø, Espen Peder"]
[Result "1-0"]
[WhiteElo "2393"]
[BlackElo "2006"]
[PlyCount "47"]
[EventDate "2010.??.??"]

1. e4 c6 2. d4 d5 3. exd5 cxd5 4. c4 Nf6 5. Nc3 e6 6. Nf3 Be7 7. cxd5 Nxd5 8.
Bd3 Nc6 9. O-O Bf6 10. Be4 O-O 11. Re1 Qd6 12. Bc2 Nxc3 13. bxc3 g6 14. Ng5 Bg7
15. Ne4 Qc7 16. Bg5 b5 17. Qf3 Bb7 18. Nf6+ Bxf6 19. Qxf6 Qd8 20. Qf4 Qb8 21.
Qh4 Re8 22. Bf6 Qd6 23. Re3 Ne7 24. Qxh7+ 
1-0

[Event "Chess Attack-serien Eliteserien 2010-2011"]
[Site "Haraldsheim, Oslo"]
[Date "2010.11.05"]
[Round "1"]
[White "Eckhardt, Lars"]
[Black "Hauge, Tor Arne"]
[Result "1/2-1/2"]
[WhiteElo "1949"]
[BlackElo "1982"]
[PlyCount "43"]
[EventDate "2010.??.??"]

1. d4 Nf6 2. Bg5 b6 3. Bxf6 exf6 4. Nf3 Bb7 5. e3 f5 6. Bd3 g6 7. Nbd2 Bg7 8.
O-O O-O 9. c4 d6 10. Qc2 Nd7 11. Rac1 a5 12. Rfe1 c5 13. g3 Qf6 14. b3 Rae8 15.
d5 Bc8 16. Nb1 Ne5 17. Nxe5 Qxe5 18. Nc3 Qxc3 19. Qxc3 Bxc3 20. Rxc3 g5 21.
Rcc1 Kg7 22. Kg2 
1/2-1/2

[Event "Chess Attack-serien Eliteserien 2010-2011"]
[Site "Haraldsheim, Oslo"]
[Date "2010.11.05"]
[Round "1"]
[White "Urkedal, Frode Olav Olsen"]
[Black "Tjomsland, Stig"]
[Result "1-0"]
[WhiteElo "2442"]
[BlackElo "2325"]
[PlyCount "65"]
[EventDate "2010.??.??"]

1. d4 d5 2. c4 c6 3. Nf3 Nf6 4. e3 e6 5. Nbd2 Be7 6. Bd3 Nbd7 7. O-O O-O 8. Qc2
h6 9. b3 Re8 10. Bb2 b6 11. cxd5 cxd5 12. Ne5 Nxe5 13. dxe5 Nd7 14. Nf3 Nc5 15.
Be2 Ba6 16. Bxa6 Nxa6 17. Qe2 Nb4 18. a3 Nc6 19. Rfd1 Qc7 20. e4 dxe4 21. Qxe4
Red8 22. Rxd8+ Rxd8 23. Rc1 Rd5 24. g3 Qd7 25. Kg2 Na5 26. Rc3 Nb7 27. b4 a5
28. Qc2 Qb5 29. Rc7 axb4 30. Rxb7 b3 31. Rb8+ Bd8 32. Qc7 Qd3 33. Qxb6 
1-0

[Event "Chess Attack-serien Eliteserien 2010-2011"]
[Site "Haraldsheim, Oslo"]
[Date "2010.11.05"]
[Round "1"]
[White "Gyldenås, Ole Jørn"]
[Black "Bjerke, Silje"]
[Result "1/2-1/2"]
[WhiteElo "1922"]
[BlackElo "2187"]
[PlyCount "84"]
[EventDate "2010.??.??"]

1. d4 Nf6 2. c4 g6 3. Nc3 d5 4. cxd5 Nxd5 5. e4 Nxc3 6. bxc3 Bg7 7. Bc4 c5 8.
Ne2 O-O 9. O-O Nc6 10. Be3 Bd7 11. Rb1 Qc7 12. Rc1 a6 13. Qd2 b5 14. Bd5 e6 15.
Bf4 Qb7 16. Bxc6 Bxc6 17. f3 Rfd8 18. Qe3 cxd4 19. cxd4 b4 20. Rfd1 Bb5 21. d5
Bxe2 22. Qxe2 exd5 23. Qd3 Qb6+ 24. Be3 d4 25. Bf2 a5 26. Rc4 a4 27. Be1 Bf8
28. Bxb4 Bxb4 29. Rb1 Rab8 30. Rbxb4 Qxb4 31. Rxb4 Rxb4 32. h4 h5 33. f4 Rb6
34. e5 Rc6 35. f5 Rc3 36. Qd2 Re3 37. Qa5 Re8 38. fxg6 R3xe5 39. gxf7+ Kxf7 40.
Qa7+ Kg6 41. Qxd4 Re4 42. Qd3 R8e5 
1/2-1/2

[Event "Chess Attack-serien Eliteserien 2010-2011"]
[Site "Haraldsheim, Oslo"]
[Date "2010.11.06"]
[Round "2"]
[White "Gullaksen, Eirik"]
[Black "Djurhuus, Rune"]
[Result "1/2-1/2"]
[WhiteElo "2315"]
[BlackElo "2433"]
[PlyCount "119"]
[EventDate "2010.??.??"]

1. e4 c5 2. Nf3 d6 3. d4 cxd4 4. Nxd4 Nf6 5. Nc3 g6 6. Bc4 Bg7 7. O-O O-O 8.
Bb3 Nbd7 9. Re1 Nc5 10. Bg5 h6 11. Bh4 a6 12. Nd5 e6 13. Nxf6+ Bxf6 14. Bxf6
Qxf6 15. c3 Rd8 16. Qd2 Kh7 17. Rad1 Bd7 18. Qe3 a5 19. Bc2 a4 20. f4 e5 21.
fxe5 dxe5 22. Nf3 b6 23. Rd5 Re8 24. Rf1 Qg7 25. Rd6 Rab8 26. b4 axb3 27. axb3
Re6 28. Qd2 Rxd6 29. Qxd6 Qf8 30. Qxf8 Rxf8 31. Nxe5 Be6 32. b4 Nb7 33. Ra1 Rc8
34. Ra3 Nd6 35. Bd3 Kg7 36. Kf2 Re8 37. Ra6 Nc8 38. Nc6 Bd7 39. Nd4 Re5 40. Ra8
Kf6 41. Bb5 Bxb5 42. Rxc8 Bd7 43. Rc7 Be8 44. Ke3 Re7 45. Rxe7 Kxe7 46. e5 Bd7
47. c4 Bc8 48. c5 bxc5 49. bxc5 Kd7 50. c6+ Kc7 51. Ke4 Be6 52. h4 Kb6 53. g3
Kc7 54. Kf4 Kb6 55. Ke4 Kc7 56. h5 gxh5 57. Nf5 Bxf5+ 58. Kxf5 Kxc6 59. Kf6 Kd5
60. Kxf7 
1/2-1/2